000 00547nam a22001817a 4500
999 _c525905
_d525905
003 NUST
020 _a969-411-158-7
_qPB/K
038 _aFaiza
082 _a891.421
_bHAS
100 _aHassan, Zahid
_915070
245 _aSassi Lakh Shah /
_cZahid Hassan
260 _aLahore :
_bPakistan Punjabi Adabi Board,
_c1996.
300 _a216 p. ;
880 _6100-01\r
_aزاہد حسن
880 _6245-02\r
_aسسی لکھ شاہ /
880 _6260-03\r
_aلاہور :
_bپاکستان پنجابی ادبی بورڈ,
_c۱۹۹۶.
942 _2ddc
_cBK